000 00554nam a2200193 i 4500
001 134992
003 ES-MaACL
005 20240509185813.0
007 t|
008 070705s1969 sp ||||1| spa d
080 _a271(04)
100 1 _aTillard, Jean Marie Roger.
_9110259
245 1 0 _aReligiosos, hoy /
_cJean Marie R. Tillard.
260 _aBilbao :
_bMensajero,
_c[1969]
300 _a217 p. ;
_c20 cm.
650 1 4 _aÓrdenes y congregaciones religiosas
_915747
852 _aES-MaACL
_jC-50962
_bR.71685
999 _c134992
_d134992